[Event "VII Open"]
[Site "Portomannu ITA"]
[Date "2015.06.06"]
[Round "3"]
[White "Behrendt, Clemens"]
[Black "Friedrich, Norbert"]
[Result "0-1"]
[WhiteElo "2105"]
[BlackElo "2307"]
[PlyCount "75"]
[EventDate "2015.06.06"]

1. Nf3 d5 2. g3 Bg4 3. Bg2 Nd7 4. c4 e6 5. cxd5 exd5 6. Qa4 Ngf6 7. Nc3 c6 8.
d4 Bd6 9. h3 Bxf3 10. Bxf3 h6 11. O-O O-O 12. a3 Re8 13. Qc2 Nb6 14. b3 Qe7 15.
Ra2 Ne4 16. Nd1 Qf6 17. Bb2 Qg6 18. Qd3 Re6 19. Bg2 Rae8 20. Bc1 f5 21. Bf4 Nc8
22. Kh2 Bxf4 23. gxf4 Ne7 24. Bf3 Qf6 25. Rg1 Qh4 26. e3 Ng6 27. Bxe4 fxe4 28.
Qe2 Qf6 29. Qg4 Nh4 30. Rg3 Nf3+ 31. Kh1 Qf7 32. Rg2 Kh7 33. h4 Rf6 34. Nc3
Ree6 35. Rg3 Rf5 36. Qh3 Rh5 37. Rg4 Rg6 38. Rg2 0-1

[Event "VII Open"]
[Site "Portomannu ITA"]
[Date "2015.06.06"]
[Round "3"]
[White "Haast, Anne"]
[Black "Vallifuoco, Giovanni"]
[Result "0-1"]
[WhiteElo "2373"]
[BlackElo "2153"]
[PlyCount "90"]
[EventDate "2015.06.06"]

1. e4 c5 2. Nf3 Nc6 3. d4 cxd4 4. Nxd4 g6 5. c4 Bg7 6. Be3 Nf6 7. Nc3 O-O 8.
Be2 b6 9. Qd2 Bb7 10. f3 Qb8 11. O-O Rd8 12. Rfc1 d6 13. Bf1 Rd7 14. Nde2 Qf8
15. Rab1 Rad8 16. Nf4 e6 17. Qf2 Ne5 18. Nb5 Bh6 19. h3 d5 20. cxd5 exd5 21.
exd5 Bxd5 22. Nxd5 Nxd5 23. Bxh6 Qxh6 24. Re1 Qg5 25. h4 Qf5 26. Qe2 Nc6 27.
Rbc1 Qf6 28. Qc4 Ne5 29. Qe4 Nc6 30. Qc4 Nce7 31. Qd4 Nf5 32. Qxf6 Nxf6 33. Kf2
Nxh4 34. g4 g5 35. Rc6 Kg7 36. Re5 h6 37. Be2 Ng6 38. Rf5 Nd5 39. Bc4 Nge7 40.
Bxd5 Nxf5 41. gxf5 Rxd5 42. f6+ Kg6 43. Nc3 Rc5 44. Rxc5 bxc5 45. Ne4 Rd4 0-1

[Event "VII Open"]
[Site "Portomannu ITA"]
[Date "2015.06.06"]
[Round "3"]
[White "Karason, Askell O."]
[Black "Ryzhkov, Vjacheslav"]
[Result "1-0"]
[WhiteElo "2324"]
[BlackElo "2151"]
[PlyCount "101"]
[EventDate "2015.06.06"]

1. d4 e6 2. c4 Nf6 3. Nc3 d5 4. cxd5 exd5 5. Bg5 c6 6. e3 Qb6 7. Qc1 Ne4 8. Bf4
Bf5 9. Nge2 Na6 10. a3 Be7 11. Ng3 Nxg3 12. Bxg3 h5 13. h3 h4 14. Be5 O-O 15.
Be2 Nb8 16. O-O Nd7 17. Bf4 a5 18. Qd2 Rfe8 19. Bg4 Bxg4 20. hxg4 Nf6 21. f3
Rad8 22. g3 hxg3 23. Bxg3 Bd6 24. Bxd6 Rxd6 25. Kg2 Rde6 26. Rae1 Qb3 27. Rh1
b5 28. Kg3 b4 29. axb4 axb4 30. Qh2 Kf8 31. Nd1 c5 32. g5 Ng8 33. dxc5 d4 34.
e4 Rg6 35. Qd2 Re5 36. Qxd4 Rexg5+ 37. Kf4 Qe6 38. Qd8+ Qe8 39. Qxe8+ Kxe8 40.
Rh8 Kf8 41. e5 Rg1 42. Rxg1 Rxg1 43. Nf2 Rc1 44. Nd3 Rc4+ 45. Ke3 g6 46. Kd2 b3
47. Rh1 Ne7 48. Rc1 Rd4 49. Rc3 Nc6 50. Rxb3 Nxe5 51. Ke3 1-0

[Event "VII Open"]
[Site "Portomannu ITA"]
[Date "2015.06.06"]
[Round "3"]
[White "Kharitonov, Sergei"]
[Black "Glienke, Manfred"]
[Result "1/2-1/2"]
[WhiteElo "2107"]
[BlackElo "2286"]
[PlyCount "33"]
[EventDate "2015.06.06"]

1. e4 c5 2. Nf3 Nc6 3. d4 cxd4 4. Nxd4 g6 5. Nc3 Bg7 6. Be3 Nf6 7. Be2 O-O 8.
Nb3 d6 9. f4 Be6 10. O-O Na5 11. Nd4 Bc4 12. Bd3 Rc8 13. Kh1 a6 14. Qe1 Bxd3
15. cxd3 Nc6 16. Nf3 b5 17. a3 1/2-1/2

[Event "VII Open"]
[Site "Portomannu ITA"]
[Date "2015.06.06"]
[Round "3"]
[White "Landa, Konstantin"]
[Black "Beshukov, Sergei"]
[Result "1/2-1/2"]
[WhiteElo "2627"]
[BlackElo "2385"]
[PlyCount "21"]
[EventDate "2015.06.06"]

1. d4 d5 2. Nf3 Nf6 3. c4 e6 4. Nc3 c6 5. cxd5 exd5 6. Qc2 g6 7. e3 Bf5 8. Bd3
Bxd3 9. Qxd3 Bd6 10. O-O O-O 11. e4 1/2-1/2

[Event "VII Open"]
[Site "Portomannu ITA"]
[Date "2015.06.06"]
[Round "3"]
[White "Loew, Gerald"]
[Black "Brunello, Sabino"]
[Result "1/2-1/2"]
[WhiteElo "2238"]
[BlackElo "2526"]
[PlyCount "80"]
[EventDate "2015.06.06"]

1. c4 e5 2. g3 Nf6 3. Bg2 d5 4. cxd5 Nxd5 5. Nf3 Nc6 6. O-O Nb6 7. Nc3 Be7 8.
a3 a5 9. d3 O-O 10. Be3 Be6 11. Na4 Nd7 12. Rc1 f6 13. d4 exd4 14. Rxc6 bxc6
15. Nxd4 Bf7 16. Nxc6 Qe8 17. Nxe7+ Qxe7 18. Bxa8 Rxa8 19. Qd4 Ne5 20. Rc1 h5
21. Bf4 Nc4 22. Nc3 c6 23. b3 Rd8 24. Qe4 Qxe4 25. Nxe4 Nxa3 26. Ra1 Nb5 27.
Rxa5 Bxb3 28. f3 Bd5 29. Nc5 Bc4 30. Kf2 Nc3 31. Nb7 Rd5 32. Rxd5 cxd5 33. e4
dxe4 34. fxe4 Nxe4+ 35. Ke3 Bd5 36. Nd6 Ng5 37. Bxg5 fxg5 38. Kd4 Be6 39. Ke5
Bd7 40. Ne4 Kf7 1/2-1/2

[Event "VII Open"]
[Site "Portomannu ITA"]
[Date "2015.06.06"]
[Round "3"]
[White "Olafsson, Fridrik"]
[Black "Schaefer, Michael"]
[Result "1-0"]
[WhiteElo "2397"]
[BlackElo "2165"]
[PlyCount "59"]
[EventDate "2015.06.06"]

1. d4 d5 2. c4 e6 3. Nf3 Nf6 4. Nc3 Be7 5. Bg5 h6 6. Bh4 O-O 7. e3 Ne4 8. Bg3
c5 9. Bd3 cxd4 10. Nxd4 Nxg3 11. hxg3 Nc6 12. cxd5 Nxd4 13. exd4 exd5 14. Bc2
Re8 15. Kf1 Bf8 16. Qf3 Be6 17. Bb3 Qb6 18. Nxd5 Qa5 19. Rh5 Qa6+ 20. Kg1 Rac8
21. Re5 Red8 22. Rae1 Rd7 23. Rxe6 fxe6 24. Rxe6 Rc1+ 25. Kh2 Qf1 26. Re1 Qxe1
27. Ne7+ Kh7 28. Qf5+ Kh8 29. Qxf8+ Kh7 30. Qg8# 1-0

[Event "VII Open"]
[Site "Portomannu ITA"]
[Date "2015.06.06"]
[Round "3"]
[White "Petursson, Margeir"]
[Black "Codenotti, Marco"]
[Result "0-1"]
[WhiteElo "2529"]
[BlackElo "2397"]
[PlyCount "136"]
[EventDate "2015.06.06"]

1. c4 e5 2. Nc3 Nf6 3. Nf3 Nc6 4. g3 d5 5. cxd5 Nxd5 6. Bg2 Nb6 7. O-O Be7 8.
a3 O-O 9. b4 Be6 10. d3 a5 11. b5 Nd4 12. Nd2 a4 13. Bxb7 Ra5 14. Rb1 Qe8 15.
Bb2 Nxb5 16. Nxb5 Rxb5 17. Bg2 Ba2 18. Qc1 Rc5 19. Qd1 Bxb1 20. Qxb1 f5 21. d4
exd4 22. Bxd4 Rb5 23. Qc2 c5 24. Be3 Kh8 25. h4 Bd6 26. Qd3 f4 27. Ne4 c4 28.
Qxd6 fxe3 29. f4 Qd8 30. Rd1 Qxd6 31. Rxd6 Rb3 32. Bh3 Re8 33. Be6 h6 34. Rc6
Na8 35. f5 Rxa3 36. Bxc4 Ra1+ 37. Kg2 a3 38. Nd6 Rf8 39. Ra6 Nc7 40. Ra7 Ra8
41. Rxc7 a2 42. Bxa2 R8xa2 43. Rc8+ Kh7 44. Kf3 Ra3 45. h5 Rf1+ 46. Ke4 Ra7 47.
Kxe3 Re7+ 48. Kd4 Rd1+ 49. Kc5 Re5+ 50. Kc6 Rc1+ 51. Kd7 Rxc8 52. Kxc8 Rxe2 53.
Kd7 Kg8 54. g4 Rg2 55. f6 gxf6 56. Ke6 Rxg4 57. Kxf6 Kh7 58. Ne8 Kg8 59. Kf5
Rg5+ 60. Ke6 Kf8 61. Nf6 Rg1 62. Nd5 Kg7 63. Nc7 Re1+ 64. Kf5 Kf7 65. Nd5 Rg1
66. Nf4 Rg5+ 67. Ke4 Ra5 68. Kf3 Kf6 0-1

[Event "VII Open"]
[Site "Portomannu ITA"]
[Date "2015.06.06"]
[Round "3"]
[White "Rombaldoni, Axel"]
[Black "Gustafsson, Jan"]
[Result "1/2-1/2"]
[WhiteElo "2502"]
[BlackElo "2640"]
[PlyCount "89"]
[EventDate "2015.06.06"]

1. d4 d5 2. c4 e6 3. Nf3 Nf6 4. e3 Be7 5. b3 O-O 6. Bd3 c5 7. O-O cxd4 8. exd4
Nc6 9. Bb2 b6 10. Nbd2 Bb7 11. Rc1 Rc8 12. a3 Re8 13. Re1 Bf8 14. Nf1 g6 15. c5
a5 16. Bb5 Nd7 17. Ne3 Bg7 18. Qd2 Nf6 19. Rc2 Ne4 20. Qc1 Re7 21. Ng4 f5 22.
Bxc6 fxg4 23. Bxb7 Rxb7 24. c6 Rbc7 25. Ne5 Bxe5 26. dxe5 Nc5 27. Qd1 Rxc6 28.
b4 axb4 29. axb4 Nd7 30. Rxc6 Rxc6 31. Qxg4 Qe7 32. b5 Rc4 33. Qh3 Nc5 34. Ba3
Qf7 35. Bxc5 Rxc5 36. Qb3 Qf4 37. g3 Qc4 38. Qa3 Qc3 39. Qxc3 Rxc3 40. Ra1 Rc5
41. Ra8+ Kg7 42. Ra7+ Kf8 43. Ra8+ Kg7 44. Ra7+ Kf8 45. Ra8+ 1/2-1/2

[Event "VII Open"]
[Site "Portomannu ITA"]
[Date "2015.06.06"]
[Round "3"]
[White "Sonis, Francesco"]
[Black "Hjartarson, Johann"]
[Result "0-1"]
[WhiteElo "2241"]
[BlackElo "2535"]
[PlyCount "76"]
[EventDate "2015.06.06"]

1. Nf3 Nf6 2. c4 e6 3. g3 b6 4. Bg2 Bb7 5. O-O c5 6. Nc3 Be7 7. Re1 d5 8. cxd5
exd5 9. d4 O-O 10. Bf4 Na6 11. Qb3 Qc8 12. Rad1 h6 13. Be5 Rd8 14. Nd2 cxd4 15.
Bxd4 Nc5 16. Qc2 Ne6 17. Nb3 Ne4 18. Qc1 Bb4 19. Rd3 Ba6 20. Re3 Bc4 21. Rd1 f5
22. Bh3 Rf8 23. Be5 Qc6 24. Nxe4 fxe4 25. Nd4 Nxd4 26. Bxd4 Rad8 27. a3 Bc5 28.
Bxc5 bxc5 29. f3 exf3 30. exf3 Rd6 31. Rc3 Qb6 32. Qc2 Re8 33. b3 Be2 34. Rb1
c4+ 35. Kh1 d4 36. bxc4 Qxb1+ 37. Qxb1 dxc3 38. Qb3 Rb6 0-1

[Event "VII Open"]
[Site "Portomannu ITA"]
[Date "2015.06.06"]
[Round "3"]
[White "Spence, David J."]
[Black "De Jong, Jan-Willem"]
[Result "0-1"]
[WhiteElo "2246"]
[BlackElo "2449"]
[PlyCount "80"]
[EventDate "2015.06.06"]

1. e4 c5 2. c3 Nf6 3. e5 Nd5 4. d4 cxd4 5. cxd4 d6 6. Nf3 Nc6 7. Bc4 Nb6 8. Bb3
dxe5 9. d5 Na5 10. Nc3 Bg4 11. Be3 Nxb3 12. Qxb3 Bxf3 13. gxf3 g6 14. a4 Rc8
15. a5 Nc4 16. Bxa7 Qd7 17. Ra4 Nd6 18. O-O Bh6 19. Be3 Bxe3 20. fxe3 O-O 21.
Rb4 Rc5 22. f4 Qg4+ 23. Kh1 Qh3 24. Qd1 exf4 25. Rf3 Qh5 26. Rbxf4 Rxa5 27. Qd4
Rc8 28. e4 Ra1+ 29. Kg2 Qg5+ 30. Kh3 Rg1 31. Qf2 Rc4 32. Rg3 Rxg3+ 33. hxg3 b5
34. Qe2 Qe5 35. Nxb5 Rxe4 36. Rxe4 Nxe4 37. Kg2 Qxg3+ 38. Kf1 Qf4+ 39. Kg2 Qg3+
40. Kf1 Qf4+ 0-1

[Event "VII Open"]
[Site "Portomannu ITA"]
[Date "2015.06.06"]
[Round "3"]
[White "Theon, Pierre"]
[Black "De Jong-Muhren, Bianca"]
[Result "0-1"]
[WhiteElo "2149"]
[BlackElo "2365"]
[PlyCount "54"]
[EventDate "2015.06.06"]

1. c4 e5 2. g3 Nf6 3. Bg2 Nc6 4. Nc3 Bc5 5. Nf3 d6 6. d3 h6 7. O-O O-O 8. a3 a6
9. b4 Ba7 10. Bb2 Be6 11. Rc1 Qd7 12. e3 Rfe8 13. Re1 Ne7 14. c5 Rad8 15. d4 e4
16. Nd2 d5 17. a4 c6 18. b5 axb5 19. axb5 Bh3 20. Bh1 Bb8 21. Rb1 Qf5 22. f3
exf3 23. Bxf3 Qg6 24. Nf1 Nf5 25. Qc2 Nxd4 26. Qxg6 Nxf3+ 27. Kf2 Nxe1 0-1

[Event "VII Open"]
[Site "Portomannu ITA"]
[Date "2015.06.06"]
[Round "3"]
[White "Tischbierek, Raj"]
[Black "Pelagatti, Alessandro"]
[Result "1-0"]
[WhiteElo "2442"]
[BlackElo "2161"]
[PlyCount "65"]
[EventDate "2015.06.06"]

1. e4 e6 2. d4 d5 3. Nc3 Bb4 4. e5 Ne7 5. a3 Bxc3+ 6. bxc3 b6 7. h4 Ba6 8. Bxa6
Nxa6 9. h5 h6 10. Qg4 Rg8 11. Qe2 Nb8 12. Nf3 Nbc6 13. c4 dxc4 14. Qxc4 Na5 15.
Qe2 Qd5 16. O-O g6 17. Bxh6 gxh5 18. Bg5 Nc4 19. a4 Nf5 20. c3 c6 21. Kh2 Kd7
22. Rh1 Rg6 23. Kg1 h4 24. Bxh4 Rag8 25. g3 Rg4 26. Re1 Rf4 27. Ng5 Nxh4 28.
Rxh4 Rxh4 29. gxh4 Rh8 30. Qg4 Ke7 31. Re4 Nd2 32. Qf4 Nxe4 33. Qxf7+ 1-0

[Event "VII Open"]
[Site "Portomannu ITA"]
[Date "2015.06.06"]
[Round "3"]
[White "Vogt, Lothar H."]
[Black "Hill, Alistair"]
[Result "1-0"]
[WhiteElo "2408"]
[BlackElo "2121"]
[PlyCount "81"]
[EventDate "2015.06.06"]

1. e4 c5 2. Nf3 Nc6 3. Bb5 g6 4. Bxc6 bxc6 5. O-O Bg7 6. Re1 Nh6 7. c3 O-O 8.
d4 cxd4 9. cxd4 d5 10. e5 f6 11. exf6 exf6 12. Nbd2 Re8 13. Nb3 Bg4 14. Rxe8+
Qxe8 15. h3 Bxf3 16. Qxf3 Nf5 17. Bf4 Qe6 18. Nc5 Qe7 19. Qc3 Re8 20. Nd3 Qd7
21. Rc1 Rc8 22. b4 Nd6 23. Bxd6 Qxd6 24. b5 f5 25. bxc6 f4 26. Ne5 Qe6 27. c7
Bxe5 28. dxe5 f3 29. gxf3 Kf7 30. f4 Ke7 31. Kg2 Kd7 32. Qc5 a6 33. Kg3 g5 34.
fxg5 h6 35. Rd1 Qxe5+ 36. f4 Qxc7 37. Qxd5+ Ke7 38. Re1+ Kf8 39. Qf5+ Kg8 40.
Qg6+ Qg7 41. Qe6+ 1-0

[Event "VII Open"]
[Site "Portomannu ITA"]
[Date "2015.06.06"]
[Round "4"]
[White "Beshukov, Sergei"]
[Black "Bergsson, Stefan"]
[Result "1-0"]
[WhiteElo "2385"]
[BlackElo "2052"]
[PlyCount "51"]
[EventDate "2015.06.06"]

1. Nf3 c5 2. c4 Nc6 3. d4 cxd4 4. Nxd4 Nf6 5. Nc3 a6 6. e4 Qa5 7. Nb3 Qc7 8.
Be2 e6 9. O-O Bb4 10. Qd3 Ne5 11. Qg3 g5 12. Bxg5 Rg8 13. Qf4 Bd6 14. Qxf6 Ng6
15. f4 b5 16. cxb5 h6 17. Bxh6 Bb7 18. Rac1 Qb6+ 19. Qd4 Qxd4+ 20. Nxd4 Bc5 21.
Rfd1 e5 22. fxe5 Nh4 23. g3 Rc8 24. bxa6 Ba8 25. Kf1 Ng6 26. Ncb5 1-0

[Event "VII Open"]
[Site "Portomannu ITA"]
[Date "2015.06.06"]
[Round "4"]
[White "Brunello, Sabino"]
[Black "Olafsson, Fridrik"]
[Result "1-0"]
[WhiteElo "2526"]
[BlackElo "2397"]
[PlyCount "45"]
[EventDate "2015.06.06"]

1. d4 Nf6 2. c4 e6 3. Nc3 Bb4 4. e3 c5 5. Nge2 d6 6. a3 Ba5 7. Rb1 O-O 8. b4
Bc7 9. Ng3 Nc6 10. Be2 cxd4 11. exd4 d5 12. c5 e5 13. Nb5 Bb8 14. dxe5 Nxe5 15.
O-O h6 16. Bb2 Re8 17. h3 a6 18. Nd4 Ne4 19. Ngf5 Ng6 20. Bg4 Qg5 21. Nf3 Qf4
22. g3 Qc7 23. Nxg7 1-0

[Event "VII Open"]
[Site "Portomannu ITA"]
[Date "2015.06.06"]
[Round "4"]
[White "Codenotti, Marco"]
[Black "Tischbierek, Raj"]
[Result "1-0"]
[WhiteElo "2397"]
[BlackElo "2442"]
[PlyCount "71"]
[EventDate "2015.06.06"]

1. e4 c5 2. Nf3 Nc6 3. c3 Nf6 4. e5 Nd5 5. Bc4 Nb6 6. Bb3 d5 7. exd6 e6 8. O-O
Bxd6 9. d4 O-O 10. Nbd2 cxd4 11. cxd4 Nd5 12. Ne4 Be7 13. Re1 b6 14. a3 Ba6 15.
Nc3 Nxc3 16. bxc3 Rc8 17. Bc2 Bf6 18. Nd2 Ne7 19. Ne4 Nd5 20. Bd2 g6 21. a4 Bg7
22. a5 bxa5 23. Ra3 Bb5 24. Bb3 a6 25. Qa1 Nb6 26. Bg5 Qc7 27. Rxa5 Nc4 28.
Bxc4 Qxc4 29. Be7 Rfe8 30. Nd6 Qxc3 31. Qxc3 Rxc3 32. Nxe8 Bxe8 33. Rxa6 Bxd4
34. Ra8 f5 35. Bb4 Rc2 36. Rxe8+ 1-0

[Event "VII Open"]
[Site "Portomannu ITA"]
[Date "2015.06.06"]
[Round "4"]
[White "Danieli, Enrico"]
[Black "Spence, David J."]
[Result "0-1"]
[WhiteElo "2041"]
[BlackElo "2246"]
[PlyCount "116"]
[EventDate "2015.06.06"]

1. d4 e6 2. Nc3 d5 3. e4 Bb4 4. Nge2 Nc6 5. a3 Ba5 6. b4 Bb6 7. Be3 Nge7 8. e5
O-O 9. Ng3 f6 10. exf6 Rxf6 11. Bd3 h6 12. b5 Bxd4 13. Bxd4 Nxd4 14. Nce2 Nxe2
15. Qxe2 Qd6 16. O-O Bd7 17. Nh5 Rf7 18. c4 g6 19. Ng3 Kg7 20. Rad1 c6 21. a4
Re8 22. Qb2+ Kh7 23. h4 Kg8 24. Qc2 Rf6 25. h5 Nf5 26. hxg6 Nxg3 27. fxg3 Ref8
28. Kh2 Qe5 29. Rxf6 Rxf6 30. Qd2 Kg7 31. Re1 Qd4 32. Qe3 Qxe3 33. Rxe3 Be8 34.
a5 dxc4 35. Bxc4 cxb5 36. Bxe6 Kxg6 37. Bb3 Bc6 38. Kg1 Rd6 39. Re2 Kg5 40. Kh2
Rd4 41. Re5+ Kf6 42. Re6+ Kf5 43. a6 Rd2 44. axb7 Bxb7 45. Rxh6 Bxg2 46. Kg1
Bd5 47. Bxd5 Rxd5 48. Ra6 Rd7 49. Ra5 Rb7 50. Kf2 Ke4 51. Ke2 Kd4 52. Kd2 Kc4
53. Kc2 Rf7 54. Ra6 b4 55. Rc6+ Kb5 56. Rc8 Rf2+ 57. Kb1 a5 58. Rb8+ Kc4 0-1

[Event "VII Open"]
[Site "Portomannu ITA"]
[Date "2015.06.06"]
[Round "4"]
[White "De Jong, Jan-Willem"]
[Black "Rombaldoni, Axel"]
[Result "0-1"]
[WhiteElo "2449"]
[BlackElo "2502"]
[PlyCount "94"]
[EventDate "2015.06.06"]

1. d4 e6 2. c4 f5 3. g3 Nf6 4. Bg2 c6 5. Nf3 Be7 6. O-O O-O 7. b3 a5 8. Nc3 d5
9. Qc2 b6 10. Bb2 Na6 11. Rac1 Bb7 12. e3 Rc8 13. Rfd1 Ne4 14. Ne5 Bd6 15. Qe2
Nxc3 16. Bxc3 Qe7 17. h4 Bxe5 18. dxe5 Rfd8 19. cxd5 exd5 20. g4 f4 21. exf4 c5
22. f5 d4 23. Bxb7 Qxb7 24. Bd2 Nb4 25. Bxb4 axb4 26. e6 Re8 27. Rd3 Qd5 28. h5
b5 29. Rcd1 h6 30. Re3 c4 31. Re5 d3 32. Qe3 Qd6 33. g5 hxg5 34. h6 c3 35. Rxd3
Qe7 36. Rd7 c2 37. Qc1 Qf6 38. Rxg7+ Kh8 39. Re1 Qxf5 40. Rf7 Qg4+ 41. Kf1 Qh3+
42. Kg1 Rxe6 43. Re7 Qg4+ 44. Kf1 Rxe7 45. Rxe7 Qf3 46. Kg1 Qd1+ 47. Re1 Qxe1+
0-1

[Event "VII Open"]
[Site "Portomannu ITA"]
[Date "2015.06.06"]
[Round "4"]
[White "De Jong-Muhren, Bianca"]
[Black "Glienke, Michael"]
[Result "1-0"]
[WhiteElo "2365"]
[BlackElo "1743"]
[PlyCount "49"]
[EventDate "2015.06.06"]

1. e4 c5 2. Nf3 Nc6 3. Bb5 e6 4. O-O Qc7 5. Re1 a6 6. Bxc6 Qxc6 7. Nc3 Nf6 8.
d4 cxd4 9. Nxd4 Qc7 10. e5 Ng8 11. Bf4 Bb4 12. Re3 Ne7 13. Qg4 Ng6 14. Bg3 b5
15. Ndxb5 axb5 16. Qxb4 Rb8 17. Nxb5 Rxb5 18. Qxb5 O-O 19. Rc3 Qa7 20. a4 Ne7
21. a5 Nd5 22. Qc5 Qa6 23. Rb3 Qe2 24. Rb8 Qa6 25. c4 1-0

[Event "VII Open"]
[Site "Portomannu ITA"]
[Date "2015.06.06"]
[Round "4"]
[White "Diotallevi, Maurizio"]
[Black "Sonis, Francesco"]
[Result "0-1"]
[WhiteElo "2037"]
[BlackElo "2241"]
[PlyCount "142"]
[EventDate "2015.06.06"]

1. d4 Nf6 2. Bg5 c5 3. Bxf6 exf6 4. d5 g6 5. g3 d6 6. Bg2 Bg7 7. c3 Na6 8. a4
O-O 9. e3 f5 10. Ne2 Nc7 11. Na3 b6 12. Nb5 a6 13. Nxc7 Qxc7 14. O-O Bd7 15.
Ra2 b5 16. a5 Rab8 17. b3 b4 18. c4 Rbe8 19. Nf4 Re7 20. Qd2 Kh8 21. Rd1 Bc3
22. Qc2 g5 23. Nd3 Rg8 24. Kh1 Qd8 25. Qe2 Qe8 26. Bf3 Rg6 27. Qf1 Rh6 28. Qg2
f6 29. Qg1 Rg7 30. Be2 f4 31. exf4 Re7 32. fxg5 fxg5 33. Bf1 Bg4 34. Rb1 Bf3+
35. Bg2 Be2 36. Bf1 Bf3+ 37. Bg2 Re2 38. Rxe2 Qxe2 39. Ne1 g4 40. h4 Qe4 41.
Nxf3 gxf3 42. Bh3 Rh5 43. Qf1 Re5 44. Rd1 Qc2 45. Rc1 Qxb3 46. Qd3 Qb2 47. Rf1
Qe2 48. Qd1 Re4 49. Qc1 Qxc4 50. Qg5 Re8 51. Kg1 Rg8 52. Qf5 Qxh4 53. Kh2 Qf6
54. Qxf6+ Bxf6 55. Rb1 Bd4 56. Rb3 Bc3 57. Bf1 Kg7 58. Bxa6 Ra8 59. Bc4 Rxa5
60. g4 Kf6 61. Rb1 Ke5 62. Rd1 Kf4 63. Kh3 Ra7 64. Kh4 Rg7 65. Rg1 Bf6+ 66. Kh5
Bg5 67. Re1 Re7 68. Re6 Rxe6 69. dxe6 h6 70. Kg6 Ke5 71. Kf7 d5 0-1

[Event "VII Open"]
[Site "Portomannu ITA"]
[Date "2015.06.06"]
[Round "4"]
[White "Friedrich, Norbert"]
[Black "Landa, Konstantin"]
[Result "0-1"]
[WhiteElo "2307"]
[BlackElo "2627"]
[PlyCount "116"]
[EventDate "2015.06.06"]

1. e4 e6 2. d4 d5 3. Nd2 c5 4. exd5 Qxd5 5. Ngf3 cxd4 6. Bc4 Qd7 7. O-O Nc6 8.
Nb3 Nf6 9. Qe2 a6 10. a4 Qc7 11. Bg5 e5 12. Nbxd4 Nxd4 13. Nxd4 Bg4 14. f3
O-O-O 15. Bxf6 gxf6 16. fxg4 Rxd4 17. Bd3 Bc5 18. Kh1 Qc6 19. c3 Rxa4 20. Rxa4
Qxa4 21. Rxf6 Re8 22. Be4 Re7 23. Rf1 Kb8 24. Rd1 Bb6 25. g3 Ka7 26. Kg2 f6 27.
Rd6 Qa1 28. Rd1 Qa2 29. Rd5 Rc7 30. Qd2 Qa4 31. Qd3 a5 32. Rd6 Qb3 33. Qd2 Qc4
34. Qd3 Qb3 35. Qd2 a4 36. Bd5 Qb5 37. c4 Qc5 38. Rxf6 Re7 39. Qc2 Qa5 40. Kh3
Bd4 41. Rf3 Rc7 42. Ra3 b5 43. Ra2 Qb4 44. Qg2 Qd6 45. Qd2 Kb6 46. b4 bxc4 47.
Be4 Ra7 48. Qg5 a3 49. Qc1 Bb2 50. Qxc4 Rc7 51. Qg8 Kb5 52. Qb8+ Kc4 53. b5 Rd7
54. Qg8+ Kb4 55. g5 Qc5 56. Bc6 Rd2 57. Qxh7 Qc4 58. b6 Qe6+ 0-1

[Event "VII Open"]
[Site "Portomannu ITA"]
[Date "2015.06.06"]
[Round "4"]
[White "Gustafsson, Jan"]
[Black "Vogt, Lothar H."]
[Result "1/2-1/2"]
[WhiteElo "2640"]
[BlackElo "2408"]
[PlyCount "218"]
[EventDate "2015.06.06"]

1. d4 Nf6 2. c4 g6 3. Nc3 Bg7 4. e4 d6 5. Nf3 O-O 6. Be2 Bg4 7. Be3 Nfd7 8. O-O
a6 9. Qb3 Bxf3 10. Bxf3 Nc6 11. Rad1 b6 12. Qa4 Na5 13. e5 Rb8 14. c5 c6 15.
exd6 exd6 16. b4 Nc4 17. Bc1 bxc5 18. bxc5 Nb2 19. Bxb2 Rxb2 20. Bxc6 Nb8 21.
Bf3 dxc5 22. dxc5 Qc7 23. Qa3 Rc2 24. Rc1 Rxc1 25. Rxc1 Nc6 26. Nd5 Qe5 27.
Qxa6 Nd4 28. Qd3 Rc8 29. g3 Bf8 30. Kg2 Rxc5 31. Rxc5 Bxc5 32. Qc4 Ba7 33. Qd3
Kg7 34. Qe4 Nxf3 35. Qxf3 Qd4 36. Nc7 Qc4 37. Ne8+ Kf8 38. Nf6 Qxa2 39. Nxh7+
Kg7 40. Ng5 Bd4 41. h4 Bf6 42. Ne4 Bd4 43. Ng5 Bf6 44. Nh3 Be5 45. Qe4 Qb2 46.
Qd5 Qd4 47. Qb7 Qb2 48. Qa8 Bd4 49. Qd5 Bf6 50. Nf4 Qd4 51. Qb7 Qe5 52. Qf3 Qc3
53. Qg4 Be5 54. Nd5 Qc6 55. Qf3 Bd4 56. h5 gxh5 57. Qxh5 Qg6 58. Qf3 Be5 59.
Ne7 Qg5 60. Nf5+ Kg6 61. Nh4+ Kg7 62. Qe4 Bf6 63. Nf5+ Kh8 64. Nd6 Qg6 65. Qd5
Kg8 66. f4 Be7 67. Nf5 Bf8 68. Ne3 Qb6 69. Kf3 Qc5 70. Qe4 Qc3 71. Qe8 Qe1 72.
Kg4 Qe2+ 73. Kg5 Qa6 74. f5 Qd6 75. Kg4 Qe7 76. Qxe7 Bxe7 77. Nd5 Bd6 78. Kh4
Kg7 79. g4 f6 80. Kh3 Be5 81. Kg2 Kf7 82. Kf3 Bb2 83. Ke4 Ba1 84. Kd3 Be5 85.
Ke4 Bb2 86. Nf4 Be5 87. Ne6 Bb2 88. Kd5 Ke7 89. Kc6 Be5 90. Nc7 Kd8 91. Nd5 Ke8
92. Nb6 Ke7 93. Nd7 Bb2 94. Kc7 Bc3 95. Kc8 Bd4 96. Nb8 Bb2 97. Nc6+ Kd6 98.
Nb4 Bc3 99. Nd3 Kd5 100. Kd7 Ke4 101. Nc5+ Kf4 102. Ke6 Kxg4 103. Ne4 Bb2 104.
Nxf6+ Kg5 105. Nd7 Kf4 106. Nc5 Ba1 107. Nd3+ Ke4 108. f6 Bxf6 109. Kxf6 Kxd3
1/2-1/2

[Event "VII Open"]
[Site "Portomannu ITA"]
[Date "2015.06.06"]
[Round "4"]
[White "Hjartarson, Johann"]
[Black "Loew, Gerald"]
[Result "1-0"]
[WhiteElo "2535"]
[BlackElo "2238"]
[PlyCount "77"]
[EventDate "2015.06.06"]

1. d4 Nf6 2. c4 e6 3. Nf3 Bb4+ 4. Nbd2 O-O 5. a3 Be7 6. e4 d6 7. Qc2 Nbd7 8.
Be2 e5 9. O-O a5 10. b3 exd4 11. Nxd4 Nc5 12. Bb2 Re8 13. f4 Bf8 14. Bf3 Bg4
15. Bxg4 Nxg4 16. Rae1 g6 17. N2f3 Bg7 18. Re2 c6 19. Rfe1 Qb6 20. Kh1 Re7 21.
g3 Rae8 22. Kg2 Qc7 23. b4 axb4 24. axb4 Ne6 25. Nb3 Qb6 26. h3 Nf6 27. c5 dxc5
28. bxc5 Qb5 29. Be5 Nh5 30. Bd6 Rd7 31. Rb1 Qa4 32. Rd2 Nf8 33. e5 Ne6 34.
Nbd4 Qxc2 35. Rxc2 Nd8 36. Ra2 f6 37. Ra8 Kf7 38. Re1 fxe5 39. fxe5 1-0

[Event "VII Open"]
[Site "Portomannu ITA"]
[Date "2015.06.06"]
[Round "4"]
[White "Kuipers, Stefan"]
[Black "Kharitonov, Sergei"]
[Result "0-1"]
[WhiteElo "2409"]
[BlackElo "2107"]
[PlyCount "80"]
[EventDate "2015.06.06"]

1. e4 c5 2. Nf3 d6 3. d4 cxd4 4. Nxd4 Nf6 5. Nc3 a6 6. Qd3 Nbd7 7. Be2 Nc5 8.
Qe3 e5 9. Nb3 Qc7 10. Nxc5 Qxc5 11. Qxc5 dxc5 12. Bg5 Be6 13. a4 Be7 14. O-O-O
Rd8 15. Be3 Ng4 16. Rxd8+ Kxd8 17. Rd1+ Kc8 18. Bxg4 Bxg4 19. Rd5 Be6 20. Rxe5
c4 21. Nd5 Bd6 22. Rg5 g6 23. Nb6+ Kc7 24. f4 Kc6 25. f5 f6 26. Rg4 Bf7 27.
fxg6 hxg6 28. h3 Be5 29. Nd5 g5 30. Bxg5 fxg5 31. Rxg5 Bd6 32. Kd2 Rg8 33. Rxg8
Bxg8 34. Nf6 Bf7 35. Ng4 Bf4+ 36. Ke2 Kc5 37. Nf2 Kb4 38. Kf3 Bc1 39. Nd1 Kxa4
40. e5 Kb4 0-1

[Event "VII Open"]
[Site "Portomannu ITA"]
[Date "2015.06.06"]
[Round "4"]
[White "Molina, Fabrizio"]
[Black "Karason, Askell O."]
[Result "1/2-1/2"]
[WhiteElo "2205"]
[BlackElo "2324"]
[PlyCount "96"]
[EventDate "2015.06.06"]

1. d4 d6 2. Nf3 Bg4 3. e4 Nf6 4. Nc3 e6 5. h3 Bh5 6. Qe2 c6 7. g4 Bg6 8. h4 h5
9. g5 Nfd7 10. d5 cxd5 11. exd5 e5 12. Be3 Be7 13. O-O-O a6 14. Nd2 b5 15. f3
Qc7 16. Nde4 Nb6 17. Bxb6 Qxb6 18. Kb1 Nd7 19. Bh3 Ra7 20. Rhe1 b4 21. Na4 Qb5
22. Qe3 Rc7 23. b3 O-O 24. Rd2 Qb8 25. Ng3 Re8 26. Bf5 Nf8 27. Nb2 Bxf5 28.
Nxf5 Ng6 29. Qe4 Bf8 30. Nd3 a5 31. Ng3 Qc8 32. Nxh5 Qh3 33. f4 Qxh4 34. f5
Qxh5 35. Rh1 Qxg5 36. Rdh2 Be7 37. fxg6 fxg6 38. Nf4 Qf5 39. Qxf5 gxf5 40. Ne6
Rc3 41. Rh8+ Kf7 42. Rxe8 Kxe8 43. Nxg7+ Kd7 44. Nxf5 Rf3 45. Nxe7 Kxe7 46.
Rh7+ Kf6 47. Rh6+ Ke7 48. Rh7+ Kf6 1/2-1/2